Pretty Little Liars! - Statistics

General Stats
  • This quiz has been taken 1,666 times
    1,636 since last reset
  • The average score is 16 of 35
Answer Stats
Hint Answer % Correct
Who is Spencer's half brother Jason
79%
Who do the girls think "Red Coat" is Ali
78%
Who is revealed as A first Mona
77%
Who looks a lot like Ali CeCe
75%
Who was caught in a garage fire Jenna
75%
Who is knocked off a row boat Lucas
69%
What is Aria's brother's name Mike
69%
Who is Emily's lab partner Toby
69%
Who is the Black Swan Melissa
68%
What town do the girls live in Rosewood
67%
What is Ezra's real last name Fitzgerald
64%
Who steals money from a bank Ashley Marin
59%
Who does Aria briefly date Noel
56%
What is Officer Reynold's first name Garrett
55%
Who is hit by a car Hanna
53%
Who is shot in the lighthouse Caleb
49%
Who does Aria use to see Ezra Holden
48%
What was Ali's costume for Halloween Lady Gaga
46%
Who's body is found 2nd Maya
45%
Who kills Maya Nate
43%
Who is marrying Tom Marin Isabel
41%
Who takes over Mr. Fitz's English class Ella Montgomery
36%
What sport does Spencer play Field Hockey
36%
What was the murder weapon that was used on Ali Shovel
36%
Who laughs in their sleep Ezra
34%
Who represents Garrett Veronica
32%
What does Aria put in Ali's casket earrings
28%
Who performs on the Halloween train Adam Lambert
22%
What is Caleb's dad accused of stealing Church bell
21%
Who rewrites Ali's Grandma's will Peter
21%
Who's money was it^ Mrs. Potter
14%
What is Caleb's dad's name Jamie
12%
What is Mona's Birthday called Glamping
10%
What was carved into a tree trunk Ali loves Ian
7%
Who was Ezra's college room mate Hardy
7%
No matching quizzes found
Score Distribution
Percent of People with Each Score
Percentile by Number Answered
Your Score History
You have not taken this quiz since the last reset